| 000 | 00310nam a22001217a 4500 | ||
|---|---|---|---|
| 020 | _a9780735619937 | ||
| 082 |
_222 _a005.1 |
||
| 100 | _aSchwaber, Ken. | ||
| 245 | _aAgile project management with serum / | ||
| 260 |
_aUSA, _bMicrosoft Press, _cc2004. |
||
| 300 |
_axix, 163p. ; _bill. ; _c23 cm. |
||
| 942 |
_2ddc _cIT |
||
| 999 |
_c2278 _d2278 |
||